| 000 | 00477nam a2200193 a 4500 | ||
|---|---|---|---|
| 001 | 1766824442593 | ||
| 003 | YourLibrary | ||
| 005 | 20251229124202.0 | ||
| 008 | 251227s2008##################000#0#eng## | ||
| 020 | _a9788179929445 | ||
| 082 | 0 | 4 | _a294.3092 |
| 100 | 1 |
_aMullin, Glenn H., _eauthor. |
|
| 245 | 1 | 0 | _aThe Fourteen Dalai Lamas : |
| 260 | _c2008. | ||
| 300 | _a576 pages | ||
| 650 | 0 | _aDalai lamas. | |
| 942 | _cENGLISH | ||
| 040 |
_aYourLibrary _beng _cYourLibrary |
||
| 999 |
_c605792 _d605792 |
||